000 01085nam a22003137a 4500
003 CHAP
005 20220329134726.0
008 971013s1975 r 00010 d
010 _a24866
011 _a25838
035 _a29938
040 _cCHAP
082 _a664.1
_bI5
110 _aInstituto do Acucar e do Alcool. Río de Janeiro
_959184
245 _aManual de técnicas de laboratorio e fabricacao de acucar de caña
260 _aRio de Janeiro :
_bInstituto do Acucar e do Alcool. Río de Janeiro,
_c1975
300 _a359 p.
_b: ilus. ; gráfs
490 _aColecao canaviera
_v; 18
590 _aBATCH-UPD
_b10
_c20130110
_lUCH01
_h0045
590 _aBATCH-UPD
_b10
_c20130110
_lUCH01
_h2323
590 _aBATCH-UPD
_b10
_c20130409
_lUCH01
_h2031
590 _aBATCH-UPD
_b10
_c20130914
_lUCH01
_h0509
590 _aCONVERSION
_b10
_c20130109
_lUCH01
_h1314
650 1 4 _aAzúcar
_xFabricación y refinación.
_99152
830 0 _aColecao canaviera
_v; 18
_924648
901 _aBK
942 _cLIBRO
949 _a664.1 I5
_bBC
_cLIBRO
_d33724000115770
_eLIBRO
_h57396
_i29938
_mD
_si
999 _c24866
_d24866